[Event "Hastings International"]
[Site "?"]
[Date "2018.01.06"]
[Round "11.11"]
[White "Balaji, Aaravamudhan"]
[Black "Bennet-Stevens, Lucy"]
[Result "0-1"]
[BlackElo "1669"]
[WhiteElo "1865"]
[LiveChessVersion "1.4.8"]

1. e4 {[%clk 1:47:35]} c5 {[%clk 1:49:36]} 2. Nc3 {[%clk 1:47:40]} a6
{[%clk 1:49:16]} 3. g3 {[%clk 1:47:36]} b5 {[%clk 1:48:51]} 4. Bg2
{[%clk 1:47:34]} Bb7 {[%clk 1:48:31]} 5. d3 {[%clk 1:47:28]} e6 {[%clk 1:47:32]}
6. Nge2 {[%clk 1:47:26]} Be7 {[%clk 1:46:05]} 7. O-O {[%clk 1:47:07]} Nc6
{[%clk 1:45:14]} 8. Be3 {[%clk 1:46:17]} Nf6 {[%clk 1:43:24]} 9. h3
{[%clk 1:45:28]} d5 {[%clk 1:40:43]} 10. exd5 {[%clk 1:42:01]} exd5
{[%clk 1:38:55]} 11. Bg5 {[%clk 1:36:35]} d4 {[%clk 1:33:54]} 12. Bxf6
{[%clk 1:34:49]} Bxf6 {[%clk 1:32:59]} 13. Ne4 {[%clk 1:34:10]} Be7
{[%clk 1:32:27]} 14. f4 {[%clk 1:30:49]} Rb8 {[%clk 1:24:52]} 15. f5
{[%clk 1:26:58]} Nb4 {[%clk 1:18:52]} 16. Nf4 Bxe4 {[%clk 1:04:45]} 17. Bxe4
{[%clk 1:19:27]} Qd6 {[%clk 1:03:54]} 18. Rf2 {[%clk 1:12:11]} O-O
{[%clk 0:46:01]} 19. Qg4 {[%clk 1:00:14]} Bf6 {[%clk 0:32:47]} 20. Qf3
{[%clk 0:54:39]} Rbc8 {[%clk 0:28:42]} 21. h4 {[%clk 0:52:04]} Nc6
{[%clk 0:23:30]} 22. Ng2 {[%clk 0:48:37]} Ne5 {[%clk 0:19:45]} 23. Qe2
{[%clk 0:44:29]} c4 {[%clk 0:17:30]} 24. a3 {[%clk 0:42:15]} cxd3
{[%clk 0:15:51]} 25. cxd3 {[%clk 0:41:44]} Rc5 {[%clk 0:13:13]} 26. g4
{[%clk 0:37:34]} h6 {[%clk 0:12:26]} 27. Qd1 {[%clk 0:23:18]} Rfc8
{[%clk 0:11:48]} 28. Bb7 {[%clk 0:22:58]} Rb8 {[%clk 0:11:15]} 29. Be4
{[%clk 0:22:43]} Qd8 {[%clk 0:10:47]} 30. g5 {[%clk 0:20:45]} hxg5
{[%clk 0:10:12]} 31. hxg5 {[%clk 0:20:29]} Bxg5 {[%clk 0:09:55]} 32. f6
{[%clk 0:20:09]} Bxf6 {[%clk 0:08:54]} 33. Qh5 {[%clk 0:19:13]} g6
{[%clk 0:08:38]} 34. Qh3 {[%clk 0:19:00]} Bg7 {[%clk 0:08:03]} 35. Raf1
{[%clk 0:17:31]} Qc8 {[%clk 0:06:22]} 36. Qh4 {[%clk 0:14:40]} Rc1
{[%clk 0:06:03]} 37. Qe7 {[%clk 0:07:33]} Rxf1+ {[%clk 0:05:59]} 38. Kxf1
{[%clk 0:07:35]} Qe8 {[%clk 0:05:27]} 39. Qa7 {[%clk 0:06:40]} Qc8
{[%clk 0:04:52]} 40. Bd5 {[%clk 0:05:51]} Qe8 {[%clk 0:04:07]} 41. Re2
{[%clk 0:04:57]} Qd8 {[%clk 0:03:49]} 42. Bb3 {[%clk 0:04:37]} Rc8
{[%clk 0:03:22]} 43. Rf2 {[%clk 0:04:00]} Rc7 {[%clk 0:03:10]} 44. Qxa6
{[%clk 0:03:53]} Qd7 {[%clk 0:03:08]} 45. Qa8+ {[%clk 0:03:14]} Rc8
{[%clk 0:02:59]} 46. Qe4 {[%clk 0:03:11]} Rf8 {[%clk 0:02:52]} 47. Nf4
{[%clk 0:02:59]} Ng4 {[%clk 0:02:39]} 48. Re2 {[%clk 0:02:23]} Ne3+
{[%clk 0:02:36]} 49. Ke1 Re8 {[%clk 0:02:34]} 50. Qxg6 {[%clk 0:02:08]} Kf8
{[%clk 0:01:47]} 51. Qg5 {[%clk 0:01:23]} Re5 {[%clk 0:01:27]} 52. Qg3
{[%clk 0:01:05]} Qc7 {[%clk 0:01:21]} 53. Kf2 {[%clk 0:00:40]} Rf5
{[%clk 0:01:17]} 54. Kf3 {[%clk 0:00:32]} Be5 {[%clk 0:01:09]} 55. Rh2
{[%clk 0:00:15]} Rxf4+ {[%clk 0:01:11]} 56. Ke2 {[%clk 0:00:23]} Rg4
{[%clk 0:00:50]} 57. Rh8+ {[%clk 0:00:29]} Ke7 {[%clk 0:00:54]} 58. Qf3
{[%clk 0:00:18]} Rg2+ {[%clk 0:00:52]} 59. Ke1 Qc1+ {[%clk 0:00:43]} 0-1

[Event "Hastings International"]
[Site "?"]
[Date "2018.01.06"]
[Round "11.12"]
[White "Faulkner, Martin J"]
[Black "Hamilton, Michael J"]
[Result "1-0"]
[BlackElo "1643"]
[WhiteElo "1813"]
[LiveChessVersion "1.4.8"]

1. c4 {[%clk 1:50:18]} b6 {[%clk 1:49:58]} 2. d4 {[%clk 1:49:56]} Bb7
{[%clk 1:49:25]} 3. Nc3 {[%clk 1:49:56]} e6 {[%clk 1:49:09]} 4. e4
{[%clk 1:48:05]} Bb4 {[%clk 1:48:59]} 5. d5 {[%clk 1:44:53]} Nf6 {[%clk 1:45:07]}
6. Bd3 {[%clk 1:44:27]} exd5 {[%clk 1:41:53]} 7. exd5 {[%clk 1:42:30]} O-O
{[%clk 1:41:34]} 8. Nge2 {[%clk 1:42:28]} c6 {[%clk 1:39:58]} 9. O-O
{[%clk 1:40:27]} cxd5 {[%clk 1:27:21]} 10. cxd5 {[%clk 1:40:15]} h6
{[%clk 1:23:48]} 11. Bc2 {[%clk 1:25:20]} Na6 {[%clk 1:11:43]} 12. a3
{[%clk 1:22:27]} Bxc3 {[%clk 1:08:06]} 13. Nxc3 {[%clk 1:16:43]} Re8
{[%clk 1:04:54]} 14. Qd4 {[%clk 1:13:17]} Nc7 {[%clk 1:00:29]} 15. Bb3
{[%clk 1:11:13]} b5 {[%clk 0:56:23]} 16. Bf4 {[%clk 1:08:37]} d6 {[%clk 0:52:32]}
17. Rfd1 {[%clk 1:00:33]} a5 {[%clk 0:51:59]} 18. Qb6 {[%clk 0:57:27]} b4
{[%clk 0:50:17]} 19. axb4 {[%clk 0:48:58]} axb4 {[%clk 0:50:17]} 20. Rxa8
{[%clk 0:47:33]} Qxa8 {[%clk 0:49:42]} 21. Nb5 {[%clk 0:32:33]} Ncxd5
{[%clk 0:38:09]} 22. Qxd6 {[%clk 0:29:05]} Ne4 {[%clk 0:27:33]} 23. Qd7
{[%clk 0:18:54]} Nc5 {[%clk 0:25:26]} 24. Qf5 {[%clk 0:16:01]} Nxb3
{[%clk 0:24:39]} 25. Nd6 {[%clk 0:14:13]} Re7 {[%clk 0:20:58]} 26. Nxb7
{[%clk 0:10:09]} Qxb7 {[%clk 0:20:54]} 27. h3 {[%clk 0:09:53]} Nc7
{[%clk 0:17:36]} 28. Rd8+ {[%clk 0:07:29]} Ne8 {[%clk 0:16:27]} 29. Bd6
{[%clk 0:05:33]} Nd4 {[%clk 0:12:57]} 30. Qg4 {[%clk 0:04:44]} Ne2+
{[%clk 0:12:23]} 31. Kh2 {[%clk 0:04:20]} Re4 {[%clk 0:11:40]} 32. Qf3
{[%clk 0:03:57]} Nd4 {[%clk 0:11:03]} 33. Rxe8+ 1-0

[Event "Hastings International"]
[Site "?"]
[Date "2018.01.06"]
[Round "11.13"]
[White "Paleri, Adithya P"]
[Black "Jackson, Paul G"]
[Result "1/2-1/2"]
[BlackElo "1812"]
[WhiteElo "1652"]
[LiveChessVersion "1.4.8"]

1. d4 {[%clk 1:48:38]} e6 {[%clk 1:50:07]} 2. g3 {[%clk 1:48:41]} f5
{[%clk 1:49:57]} 3. Bg2 {[%clk 1:48:36]} Nf6 {[%clk 1:49:58]} 4. c4
{[%clk 1:48:29]} d5 {[%clk 1:49:53]} 5. Nf3 {[%clk 1:48:34]} c6 {[%clk 1:49:50]}
6. Nc3 {[%clk 1:48:24]} Bd6 {[%clk 1:49:32]} 7. O-O {[%clk 1:48:26]} O-O
{[%clk 1:49:23]} 8. b3 {[%clk 1:47:35]} Bd7 {[%clk 1:47:22]} 9. a4
{[%clk 1:45:36]} Qe7 {[%clk 1:46:58]} 10. Bb2 {[%clk 1:45:31]} Be8
{[%clk 1:45:49]} 11. Qd3 {[%clk 1:40:08]} Nbd7 {[%clk 1:40:57]} 12. Rfd1
{[%clk 1:35:02]} Ne4 {[%clk 1:40:21]} 13. e3 {[%clk 1:28:36]} Bh5
{[%clk 1:38:01]} 14. Ne2 {[%clk 1:27:39]} Bxf3 {[%clk 1:37:14]} 15. Bxf3
{[%clk 1:27:43]} Kh8 {[%clk 1:34:38]} 16. Bg2 {[%clk 1:23:16]} Rad8
{[%clk 1:22:17]} 17. f3 {[%clk 1:18:53]} Ng5 {[%clk 1:21:16]} 18. Nc3
{[%clk 1:10:14]} dxc4 {[%clk 1:12:22]} 19. bxc4 {[%clk 1:09:26]} e5
{[%clk 1:10:34]} 20. f4 {[%clk 1:02:18]} exf4 {[%clk 1:05:27]} 21. exf4
{[%clk 1:02:12]} Ne6 {[%clk 1:04:13]} 22. Kh1 {[%clk 0:57:58]} Qf7
{[%clk 1:00:55]} 23. Qc2 {[%clk 0:48:18]} Nc7 {[%clk 0:55:27]} 24. d5
{[%clk 0:42:31]} c5 {[%clk 0:52:37]} 25. Nb5 {[%clk 0:41:15]} Nxb5
{[%clk 0:52:21]} 26. axb5 {[%clk 0:41:23]} Ra8 {[%clk 0:50:19]} 27. Re1
{[%clk 0:38:48]} Rfe8 {[%clk 0:44:35]} 28. Bh3 {[%clk 0:34:32]} a6
{[%clk 0:40:01]} 29. Bxf5 {[%clk 0:22:42]} axb5 {[%clk 0:37:39]} 30. Be6
{[%clk 0:22:44]} Qe7 {[%clk 0:32:33]} 31. cxb5 {[%clk 0:19:09]} b6
{[%clk 0:30:46]} 32. Qc3 {[%clk 0:17:05]} Nf6 {[%clk 0:29:21]} 33. Rxa8
{[%clk 0:13:50]} Rxa8 {[%clk 0:29:26]} 34. Qd2 {[%clk 0:13:15]} Qe8
{[%clk 0:25:34]} 35. Qd3 {[%clk 0:10:54]} Ra5 {[%clk 0:24:44]} 36. Qf5
{[%clk 0:10:33]} Qf8 {[%clk 0:22:32]} 37. Be5 {[%clk 0:06:01]} Ra8
{[%clk 0:19:36]} 38. Bd7 {[%clk 0:04:13]} Nxd7 {[%clk 0:17:09]} 39. Qxd7
{[%clk 0:04:21]} Bxe5 {[%clk 0:13:52]} 40. fxe5 {[%clk 0:04:30]} Qf3+
{[%clk 0:13:46]} 41. Kg1 {[%clk 0:04:28]} Rf8 {[%clk 0:13:47]} 42. Ra1
{[%clk 0:01:43]} 1/2-1/2